| 000 | 00499nam a2200169 i 4500 | ||
|---|---|---|---|
| 001 | 87310 | ||
| 003 | ES-MaACL | ||
| 007 | t| | ||
| 008 | 041221s1964 mx ||||1| spa d | ||
| 100 | 1 |
_aKramer, Roland L. _968731 |
|
| 245 | 1 | 0 |
_aMercadotecnia internacional / _cpor Roland L. Kramer ; [traductor, Francisco Rostro]. |
| 250 | _a[1ª ed.]. | ||
| 260 |
_aMéxico : _bCogesa, _c1964. |
||
| 300 |
_aXV, 686 p. ; _c23 cm. |
||
| 700 | 1 |
_aRostro, Francisco. _999930 |
|
| 852 |
_aES-MaACL _jE-8284 _bR.92755 |
||
| 999 |
_c87310 _d87310 |
||